Szczegóły MARC21

Problemy regulacji dostępności usług pocztowych o charakterze powszechnym /

003 -Nazwa inst., której nr kontr. jest w polu 001 [,]
    • @
    • Nazwa instytucji, której n kontrolny jest w polu 001
    • NUKAT
005 -DATA I CZAS OSTATNIEJ MODYFIKACJI [,]
    • @
    • pole kontrolne
    • 20241231113410.0
020 -Międzynarod. znormalizowany nr książki - ISBN [ , ]
    • a
    • Numer ISBN
    • 8372411042 Find
040 -Instytucja sporządzająca opis [ , ]
    • a
    • Instytucja, która sporządziła opis (NP)
    • NUKAT
    • c
    • Instytucja, która sporządziła rekord (NP)
    • KR U/DC
    • d
    • Instytucja, która zmodyfikowała rekord (P)
    • WA U/mg
    • d
    • Instytucja, która zmodyfikowała rekord (P)
    • WA U/PE
041 -Język dokumentu [0, ]
    • a
    • Język tekstu (P)
    • polski
    • b
    • Język streszczeń lub abstraktu (P)
    • angielski
942 -Rodzaj dokumentu [ , ]
    • c
    • Rodzaj dokumentu
    • Książka
245 -Strefa tytułu i oznaczenia odpowiedzialności [0,0]
    • a
    • Tytuł
    • Problemy regulacji dostępności usług pocztowych o charakterze powszechnym / Find
    • c
    • Pozostałe elementy strefy tytułu i oznaczenia odpowiedzialności (NP)
    • Henryk Babis [et al.].
260 -Strefa adresu wydawniczego [ , ]
    • a
    • Miejsce wydania (P)
    • Szczecin :
    • b
    • Nazwa wydawcy (P)
    • Wydaw. Nauk. US,
    • c
    • Data wydania (P)
    • 2000.
300 -Strefa opisu fizycznego [ , ]
    • a
    • Określenie formy książki i/lub objętość (NP)
    • 104, [1] s. :
    • b
    • Oznaczenie ilustracji (NP)
    • mapy ;
    • c
    • Format (NP)
    • 24 cm.
336 -Typ zawartości [ , ]
    • a
    • Termin opisujący typ zawartości
    • Tekst
    • b
    • Kod określający zawartość
    • txt
    • 2
    • Źródło (terminu i kodu)
    • rdacontent
337 -Typ mediów [ , ]
    • a
    • Tryb odtwarzania
    • Bez urządzenia pośredniczącego
    • b
    • Kod typu mediów
    • n
    • 2
    • Źródło (terminu i kodu)
    • rdamedia
338 -Typ/rodzaj nośnika [ , ]
    • a
    • Hasło opisujące typ nośnika
    • Wolumin
    • b
    • Kod typu nośnika
    • nc
    • 2
    • Źródło (terminu i kodu)
    • rdacarrier
490 -Strefa serii i książki wielotomowej - forma nie do wyszukiwania [1, ]
    • a
    • Tytuł (P)
    • Rozprawy i Studia / Uniwersytet Szczeciński, Find
    • x
    • ISSN (NP)
    • 0860-2751 ;
    • v
    • Numeracja (P)
    • t. 359
830 -Hasło dodatkowe serii i opisu książki wielotomowej - tytuł ujednolicony/tytuł [ ,0]
    • a
    • Tytuł ujednolicony/tytuł (NP)
    • Rozprawy i Studia - Uniwersytet Szczeciński
    • x
    • ISSN
    • 0860-2751
    • v
    • Oznaczenie tomu (NP)
    • t. 359
    • 9
    • KHW
    • 700
504 -Uwaga dot. bibliogr. załącznikowej [ , ]
    • a
    • Uwaga dot. bibliografii załącznikowej
    • Bibliogr. s. [99]-101.
546 -Uwaga dot. języka [ , ]
    • a
    • Uwaga dot. języka
    • Streszcz. w jęz. ang.
080 -Uniwersalna Klasyfikacja Dziesiętna [ , ]
    • a
    • Symbol klasyfikacji
    • 338.47::656.8(438)
650 -Hasło przedmiotowe [ ,7]
    • a
    • Hasło przedmiotowe
    • Poczta
    • z
    • Określnik geograficzny
    • Europa
    • y
    • Określnik chronologiczny
    • 1990-.
    • 2
    • Źródło terminu
    • kaba
    • 9
    • KHW
    • 661041
980 -Symbol UKD [ , ]
    • a
    • UKD
    • 338.47::656.8(438)
700 -Hasło dodatkowe - nazwa osobowa [1, ]
    • a
    • Nazwa osobowa (NP)
    • Babis, Henryk. Find
    • 9
    • KHW
    • 79
710 -Hasło dodatkowe - nazwa ciała zbiorowego [2, ]
    • a
    • Nazwa ciała zbiorowego lub nazwa geograficzna jako pierwszy element (NP)
    • Uniwersytet Szczeciński.
    • b
    • Nazwa jednostki podrzędnej (P)
    • Wydawnictwo Naukowe.
    • 4
    • Kod relacji
    • pbl
    • 9
    • KHW
    • 51208
920 -ISBN [ , ]
    • a
    • ISBN
    • 83-7241-104-2 Find
Lokalizacja Data inwentaryzacji Status udost. Numer inwentarzowy Sygnatura
BE2001-03-19-3S.87762 
BE2001-03-19-3S.87763 
BE2001-03-19-2E.67651 
BG2001-03-191Z.97282 
T2001-03-19-2T.4727 
T2001-03-19-2T.4728T.4728
T2001-03-19-6T.4729 
T2001-03-19-6T.4730 
T2001-03-19-6T.4731 
T2003-03-24-6TM.1005 
T2003-03-24-6TM.1006 
T2003-03-24-6TM.1007 
T2003-03-24-6TM.1008 
T2003-03-24-3TM.1010 
T2003-03-24-6TM.1011 
T2003-03-24-6TM.1012 
T2003-03-24-6TM.1013 
T2003-03-24-6TM.1014 
T2003-03-24-6TM.1015 
T2003-03-24-6TM.1016 
T2003-03-24-6TM.1017 
T2003-03-24-6TM.1018 
T2003-03-24-6TM.1019 
T2003-03-24-6TM.1020 
T2003-03-24-6TM.1021 
T2003-03-24-6TM.1022 
T2003-03-24-6TM.1023 
T2003-03-24-6TM.1024 
T2003-03-24-6TM.1025 
T2003-03-24-6TM.1026 
T2003-03-24-6TM.1027 
T2003-03-24-6TM.1028 
T2003-03-24-6TM.1029 
T2003-03-24-6TM.1030 
T2003-03-24-6TM.1031 
T2003-03-24-6TM.1032 
T2003-03-24-6TM.1033 
T2003-03-24-6TM.1035TM.1035
T2003-03-24-6TM.1034 
T2003-03-24-6TM.1036 
T2003-03-24-6TM.1037 
T2003-03-24-6TM.1038 
T2003-03-24-3TM.1040 
T2003-03-24-3TM.1041 
T2003-03-24-3TM.1043 
T2003-03-24-3TM.1009 
T2003-03-24-3TM.1044 
T2003-03-24-6TM.1039 
T2003-03-24-3TM.1042